[Event "Frankfurt Ch 2012"]
[Site "Ffm-Kalbach, LAZ"]
[Date "2012.06.04"]
[Round "5.58"]
[White "Kirschner, Matthias"]
[Black "Günther, Rainer"]
[Result "0-1"]
[WhiteElo "1431"]
[BlackElo "1603"]
[PlyCount "118"]
[EventDate "2012.??.??"]
[WhiteTeam "SV 1997 Nauheim"]
[BlackTeam "SV Mainz-Mombach"]

1. c4 Nf6 2. Nc3 e6 3. Nf3 d5 4. cxd5 exd5 5. a3 a5 6. g3 Be7 7. Bg2 c6 8. O-O
O-O 9. d3 h6 10. Nd2 Be6 11. b3 Qc8 12. Bb2 Bh3 13. e4 Bxg2 14. Kxg2 dxe4 15.
dxe4 Nbd7 16. Qc2 Rd8 17. Nf3 Nc5 18. Rad1 Qc7 19. e5 Nh7 20. Ne4 Nxe4 21. Qxe4
Rxd1 22. Rxd1 Rd8 23. Rxd8+ Qxd8 24. Qg4 Nf8 25. Kh3 Ne6 26. Qc4 Qd7 27. Kg2 b5
28. Qc2 Qd5 29. a4 b4 30. Qc4 Qxc4 31. bxc4 Nc5 32. Nd2 Nxa4 33. Bd4 c5 34. Ba1
Nb6 35. Kf1 a4 36. Bb2 a3 37. Ba1 Kf8 38. Ke2 Ke8 39. Kd3 g5 40. g4 Kd7 41. e6+
fxe6 42. Bg7 Na4 43. Bxh6 Bf6 44. f4 gxf4 45. Bxf4 a2 46. Nb3 a1=Q 47. Nxa1
Bxa1 48. Kc2 Nb6 49. Kb3 e5 50. Be3 Bd4 51. Bd2 e4 52. Be1 e3 53. h4 e2 54. g5
Ke6 55. h5 Nd7 56. h6 Nf8 57. Bd2 Kf5 58. Kc2 Nh7 59. Kb3 Nxg5 0-1

[Event "Frankfurt Ch 2012"]
[Site "Ffm-Kalbach, LAZ"]
[Date "2012.06.04"]
[Round "5.59"]
[White "Knott, Tilo"]
[Black "Fischer, Lutz"]
[Result "1-0"]
[WhiteElo "1539"]
[BlackElo "1530"]
[PlyCount "43"]
[EventDate "2012.??.??"]
[WhiteTeam "SC Brett vor'm Kopp Ffm"]
[BlackTeam "Sfr. Frankfurt 1921"]

1. d4 d5 2. Nc3 e6 3. Nf3 Bb4 4. Bd2 Nf6 5. a3 Be7 6. Bf4 a6 7. e3 Nbd7 8. Bd3
c5 9. O-O O-O 10. Re1 cxd4 11. exd4 Re8 12. Ne5 Nf8 13. Re3 N6d7 14. Rg3 Nxe5
15. Bxe5 f6 16. Qg4 g5 17. Qh5 fxe5 18. dxe5 Nd7 19. Qxh7+ Kf8 20. Qh8+ Kf7 21.
Qh7+ Kf8 22. Bg6 1-0

[Event "Frankfurt Ch 2012"]
[Site "Ffm-Kalbach, LAZ"]
[Date "2012.06.04"]
[Round "5.60"]
[White "Popp, Matthias"]
[Black "Heun, Andreas"]
[Result "1/2-1/2"]
[WhiteElo "1519"]
[BlackElo "1492"]
[PlyCount "108"]
[EventDate "2012.??.??"]
[WhiteTeam "SC Bergen-Enkheim 1922"]
[BlackTeam "SC Ladja Roßdorf"]

1. Nf3 Nf6 2. d4 d5 3. Bf4 e6 4. Nbd2 Nbd7 5. e3 c5 6. c3 a6 7. Be2 Be7 8. Qc2
b5 9. a4 Bb7 10. O-O Qb6 11. Ne5 Rc8 12. Ndf3 Nxe5 13. Bxe5 O-O 14. Ng5 g6 15.
dxc5 Qxc5 16. Bd4 Qc6 17. Nf3 b4 18. Qd3 b3 19. Ne5 Qc7 20. Bd1 Nd7 21. Nxd7
Qxd7 22. Bxb3 Bd6 23. Bf6 Qc7 24. f4 Qb6 25. Bc2 a5 26. Bd4 Qc7 27. Qe2 Qe7 28.
Qg4 Ba6 29. Rf2 Rb8 30. Bd1 Rb7 31. Qg5 Qxg5 32. fxg5 Rfb8 33. b3 Bd3 34. Bf6
Bc5 35. Bd4 Bd6 36. Rd2 Be4 37. Bf6 Bc5 38. Kf2 Bd6 39. g3 Rd7 40. Raa2 Bb1 41.
Rab2 Be4 42. Bc2 Bxc2 43. Rdxc2 Ba3 44. Rb1 Rc8 45. Ke2 Kf8 46. Kd3 Be7 47. h4
Bxf6 48. gxf6 e5 49. g4 Rb7 50. b4 Ke8 51. b5 Rc4 52. e4 Rxe4 53. Re2 Rxe2 54.
Kxe2 Kd7 1/2-1/2

[Event "Frankfurt Ch 2012"]
[Site "Ffm-Kalbach, LAZ"]
[Date "2012.06.04"]
[Round "5.61"]
[White "Möller, Wolfgang"]
[Black "Lehmann, Gerit"]
[Result "1/2-1/2"]
[WhiteElo "1452"]
[BlackElo "1407"]
[PlyCount "108"]
[EventDate "2012.??.??"]
[WhiteTeam "SF Vonkeln 1931"]
[BlackTeam "Sfr. Frankfurt 1921"]

1. e4 e6 2. d4 d5 3. Nc3 dxe4 4. Nxe4 Be7 5. Nf3 Nf6 6. Bd3 Nbd7 7. O-O b6 8.
c3 Bb7 9. Nxf6+ Nxf6 10. Re1 O-O 11. Bg5 h6 12. Bh4 Nd7 13. Bxe7 Qxe7 14. Qe2
Qf6 15. Be4 Bxe4 16. Qxe4 c5 17. Rad1 Rfd8 18. Rd2 cxd4 19. Qxd4 Nc5 20. Qxf6
gxf6 21. Red1 Rxd2 22. Rxd2 Kf8 23. Kf1 Ke7 24. Ke2 Rd8 25. Nd4 Rd6 26. f3 a6
27. Nc2 Rxd2+ 28. Kxd2 Kd6 29. b3 e5 30. Ne3 Ke6 31. b4 Nb7 32. Kd3 Nd6 33. g4
b5 34. c4 bxc4+ 35. Nxc4 Nb5 36. a4 Nd4 37. Ke4 Nb3 38. h3 Nd4 39. Nb2 Nc6 40.
b5 axb5 41. axb5 Nd4 42. b6 Kd6 43. f4 Nc6 44. fxe5+ Nxe5 45. Kf5 Nd7 46. Nc4+
Kc5 47. b7 Kxc4 48. b8=Q Nxb8 49. Kxf6 Nd7+ 50. Kxf7 Ne5+ 51. Kg7 Kd4 52. Kxh6
Ke4 53. g5 Kf5 54. h4 Nf7+ 1/2-1/2

[Event "Frankfurt Ch 2012"]
[Site "Ffm-Kalbach, LAZ"]
[Date "2012.06.04"]
[Round "5.62"]
[White "Honert, Stefan"]
[Black "Kirchmann, Gerhard"]
[Result "0-1"]
[WhiteElo "1345"]
[BlackElo "1428"]
[PlyCount "90"]
[EventDate "2012.??.??"]
[WhiteTeam "Sfr. Frankfurt 1921"]
[BlackTeam "SC Groß-Umstadt"]

1. d4 Nf6 2. c4 e6 3. Nf3 d5 4. Nc3 Bb4 5. Qa4+ Nc6 6. a3 Bxc3+ 7. bxc3 O-O 8.
Bg5 Bd7 9. cxd5 Ne5 10. Qb3 Nxf3+ 11. gxf3 exd5 12. e3 Rb8 13. Bd3 Bh3 14. Rg1
Be6 15. Qc2 g6 16. Ke2 Kg7 17. h4 Qd7 18. Bxf6+ Kxf6 19. e4 dxe4 20. fxe4 Bg4+
21. f3 Bh5 22. Qd2 Qh3 23. Qg5+ Kg7 24. Qxh5 Qh2+ 25. Ke3 Qb2 26. Qe5+ Kg8 27.
Qc5 Rbe8 28. Qc4 c6 29. Ra2 Qb6 30. h5 Kg7 31. Kd2 Re5 32. hxg6 fxg6 33. Rxg6+
hxg6 34. dxe5 Qf2+ 35. Kc1 Qe1+ 36. Kb2 Rxf3 37. Kb3 c5 38. Re2 Qg3 39. Bc2
Qxe5 40. Kb2 b5 41. Qb3 a5 42. Rd2 c4 43. Qa2 Qxc3+ 44. Kc1 Qe3 45. Qb2+ c3 0-1